| 000 | 00384 a2200157 4500 | ||
|---|---|---|---|
| 003 | OSt | ||
| 005 | 20180116182806.0 | ||
| 008 | 160615b xxu||||| |||| 00| 0 eng d | ||
| 040 | _c0 | ||
| 082 | _a658.406 PUR 2003 | ||
| 100 | _aCliff Purigton | ||
| 245 |
_aBuilt to Learn _cCliff Purigton |
||
| 260 |
_aNew York _c2003 |
||
| 300 |
_a248 p. _bPB |
||
| 942 |
_aNBS _cBK _k658.406 PUR _2ddc |
||
| 999 |
_c346060 _d346060 |
||